Μια νονά για τη Ντενάντα

Αποθηκεύτηκε σε:
Λεπτομέρειες βιβλιογραφικής εγγραφής
Κύριος συγγραφέας: Κιάσσου, Νίτσα
Μορφή: Βιβλίο
Γλώσσα:Greek
Δημοσίευση: Αθήνα : Πατάκης, 2000.
Σειρά:Σύγχρονη λογοτεχνία για παιδιά και για νέους. Συλλογή Περιστέρια. 86
Θέματα:
Ετικέτες: Προσθήκη ετικέτας
Δεν υπάρχουν, Καταχωρήστε ετικέτα πρώτοι!

MARC

LEADER 00000cam a2200000 i 4500
001 1/24413
008 011129s2000 gr | ||| |||| ||gre||
020 |a 9603787299 
035 |l 10067863 
040 |a GR-MyUA  |b gre  |e AACR2 
041 0 |a gre 
082 7 |a 808.0683   |2 (22) 
100 1 |a Κιάσσου, Νίτσα. 
245 1 0 |a Μια νονά για τη Ντενάντα /   |c Νίτσα Κιάσσου ; εικονογράφηση εξωφύλλου: Jenneke van der Weijden.  
260 |a Αθήνα :   |b Πατάκης,   |c 2000.  
300 |a 136 σ. ;   |c 21 εκ. 
490 1 |a (Σύγχρονη λογοτεχνία για παιδιά και νέους / Συλλογή περιστέρια ;   |v 86) 
650 0 0 |a Young adult fiction. 
650 0 0 |a Young adult literature. 
830 0 |a Σύγχρονη λογοτεχνία για παιδιά και για νέους.   |p Συλλογή Περιστέρια.  |v 86 
852 |a INST  |b SAMOS  |e 20011129  |h 808.0683 ΚΙΑ  |p 005300020417  |q 005300020417  |t BK  |y 0 
901 |a BIBL3-2001-3 
909 |a Σ  |b 099186 
922 |a 3ΕΛΗ  |b 200111  |c ΒΙΒΛΙΟΘΗΚΗ  |d ΚΑΡΑΣΤΑΘΗΣ 
970 |a ΚΟΣΙΕΡΗΣ  |b ΧΡΗΣΤΟΣ  |z 2001/12/12